00536nam a2200157Ia 450000500170000000800410001704000190005804100120007708200130008924501390010226000430024130000140028450400500029870000200034885000100036820230130143707.0131103s9999 xx 000 0 und d aLoreto College aEnglish a880bARI aAristotle's poeticsb a translation and commentary for students of literature ctranslated by Leon Golden; commentary by O.B. Hardison aEnglewoodCliffsbPrentice - Hallc1968 ax,307 p.  aIncludes bibliographical references and index aGolden,Leon,tr. aLCLIB